| 000 | 00964nam a2200289 c 4500 | ||
|---|---|---|---|
| 999 |
_c53249 _d53249 |
||
| 003 | BLK | ||
| 005 | 20220224164837.0 | ||
| 008 | 180408b bul|||||r ||||||| ||bul|| | ||
| 010 | _aKNG00057184000 | ||
| 020 | _a954-8701-56-1 | ||
| 040 | _aBLK | ||
| 041 |
_aBUL _cBUL |
||
| 080 |
_aБългарска литература _b821.163.2 _x-1 _z821.163.2-1 |
||
| 100 | 1 |
_aБорисова, Галина _eпърви автор _9284952 |
|
| 139 |
_aБорисова, Галина _bБ 65 |
||
| 245 | 1 | 0 |
_aОгледалото _bЛирика _cГалина Борисова. |
| 257 | _aBGR | ||
| 260 |
_bДенница _c2005 _fРусе : Авангард принт |
||
| 300 |
_a32 с. _c21 см |
||
| 380 | _aX | ||
| 500 | _aСъдържа и За авторката | ||
| 852 | _aЦб 225888 | ||
| 852 | _aК 821.163.2/Б 65 Г | ||
| 856 | 4 | _qpdf | |
| 856 | 4 | _qpdf | |
| 942 |
_cKNG _n0 _s1 |
||
| 944 |
_aCR _c21.12.2005 _kГеновева_Генчева |
||
| 944 |
_aED _c09.11.2007 |
||
| 999 | _d53249 | ||
| 999 | _d53249 | ||